000 01058nam a2200301 i 4500
003 EG-GICUC
005 20260212171515.0
008 260212s1967 fr ||||fr|||| 000 0 fre d
040 _aEG-GiCUC
_bfre
_cEG-GiCUC
_dEG-GiCUC
_eRda
082 0 4 _221
_a341.84
_bPR . C
092 0 4 _221
099 _aLaw1 12 341.84 PR . C 1967
100 1 _aPradelle, Géraud De La
_eAuteur
245 1 4 _aLes Conflits De Lois En Matière De Nullités :
_b(Du Droit Interne Français Au Droit International Privé).
_nTome VIII /
_cGéraud De La Pradelle ; Henri Batiffol.
264 1 _aParis :
_bLibrairie Dalloz,
_c1967.
300 _a270page :
_billustration ;
_c 24 cm.
336 _2rda contenu
_a texte
337 _2rda medias
_aOrdinateur
338 _2 transporteur rda
_a Ressource en ligne
504 _a
546 _aTexte en français
650 1 4 _aDroit international privé
_2
651 1 _2
700 1 _aBatiffol, Henri
_ePréfacier
856 4 0 _uhttps://fll.law.cu.edu.eg/fulltext/bks/B12-02569.pdf
905 _a50
942 _2ddc
_cBK
_e21
_n0
999 _c62898
_d62898